LEADER 01258nam a2200289 a 4500 001 000000133356 003 CaOOAMICUS 005 20130327100333.0 008 130327s1991 it b u000 u ita r 040 $aPUL$bita 245 00$aQuello che c'è da sapere prima di giudicare Israele :$bpassato e futuro /$ca cura di Furio Colombo. 260 $aMilano :$bRCS Periodici,$c1991$aMilano :$bRizzoli 300 $a125 p. :$bc. geogr. ;$c20 cm 490 1 $aLa biblioteca di Europeo 500 $aEd. fuori commercio, allegata a Europeo n. 13, marzo '91. 504 $aBibliografia in nota. 651 4$aIsraele$xStoria.$0(OLS)http://pul/subject/9266 700 1 $aColombo, Furio.$0(OLS)http://pul/name/2365 830 0$aBiblioteca di Europeo.$0(OLS)http://pul/title/168523 850 $aPUL 852 $aPUL$W1$xDP1 Fondo E. Rossi$y115$m1 J 37$j153266$qFondi$B152817$CPULBib$Z2$F152817 $82 941 1 $a1 961 $aSul dorso collocazione ms. di E. Rossi: J 23 1 996 $6245$aQuello che c'è da sapere prima di giudicare Israele :$bpassato e futuro$9(OLS)http://pul/title/168522 996 $6260$aMilano :$bRCS Periodici$9(OLS)http://pul/publisher/82081 996 $6260$aMilano :$bRizzoli$9(OLS)http://pul/publisher/48712 LEADER 01524nam a2200337 u 4500 001 000000123952 003 CaOOAMICUS 005 20101215115507.0 008 101215t2010 it u000 u ita r 020 $a978-88-13-29884-5 040 $aPUL$bita 082 04$a346.45 100 1 $aFerrara, Rosario,$d1948-$0(OLS)http://pul/name/64337 245 10$aCommentario breve alle leggi in materia di urbanistica ed edilizia /$cRosario Ferrara, Giuseppe Franco Ferrari ; con la collaborazione di Roberta Agnoletto ... [et al.]. 260 $aPadova :$bCEDAM,$c2010. 300 $aXIX, 1041 p. ;$c22 cm 490 1 $aBreviaria Iuris ;$v26 500 $aComprende indici. 500 $aTesto su due colonne. 650 4$aUrbanistica$zItalia$xLegislazione.$0(OLS)http://pul/subject/33873 700 1 $aFerrari, Giuseppe Franco,$d1950-$0(OLS)http://pul/name/45389 700 1 $aAgnoletto, Roberta,$d1974-$0(OLS)http://pul/name/78179 830 0$aBreviaria Iuris ;$v26.$0(OLS)http://pul/title/8521 850 $aPUL 852 $aPUL$W1$xDP2 Diritto e Scienze Sociali 3$y110$m348. 45 COD 1.1.9$j142822$qDDC 21$B141766$CPULBib$Z2$F141766 $H115267 $82 941 1 $a9 996 $6020$a978-88-13-29884-5$9(OLS)http://pul/number/146115 996 $6082$a346.45$9(OLS)http://pul/classification/372 996 $6245$aCommentario breve alle leggi in materia di urbanistica ed edilizia$9(OLS)http://pul/title/156268 996 $6260$aPadova :$bCEDAM$9(OLS)http://pul/publisher/48126